00601cam a2200157 a 4500020001800000020001500018040001000033082002600043245011100069260007600180300002700256490003400283650003000317650003500347710006100382 a9789251067338 a9251067333 cNLGGC00a572 FAO 2010 C323 Or.00aFats and fatty acids in human nutrition :breport of an expert consultation : 10-14 November 2008, Geneva. aRome :bFood and Agriculture Organization of the United Nations,c2010. axvii, 166 p. ;c30 cm.1 aFAO food and nutrition paper, 0aLipids in human nutrition 0aFatty acids in human nutrition2 aFood and Agriculture Organization of the United Nations.